Activitats : memòria del Departament de Sanitat i Seguretat Social memòria del Departament de Sanitat i Seguretat Social
Descripción Física:
2 v. ; 24 cm
MARC
| LEADER | 00000nam a2200000Ia 4500 | ||
|---|---|---|---|
| 001 | 7606, 7607 | ||
| 008 | 160829s1987 xx 000 0 cat d | ||
| 080 | |a C-2-16, C-2-17 | ||
| 110 | 1 | |a Catalunya. |b Departament de Sanitat i Seguretat Social |9 56409 | |
| 245 | |a Activitats : |b memòria del Departament de Sanitat i Seguretat Social | ||
| 260 | |a Barcelona : |b Generalitat de Catalunya, |c 1987 | ||
| 300 | |a 2 v. ; |c 24 cm | ||
| 610 | 1 | 0 | |a Catalunya. |b Departament de Sanitat i Seguretat Social |9 56409 |
| 866 | |a 1985, 1986 | ||
| 901 | |a Arxiu | ||
| 942 | |n 1 | ||
| 952 | |0 0 |1 0 |4 0 |6 C216_C217 |7 1 |9 42579 |a Arxiu |b Arxiu |d 2016-12-01 |l 0 |o C-2-16, C-2-17 |p 7606, 7607 |r 2016-12-01 00:00:00 |w 2016-12-01 |y ARXIU | ||
| 999 | |c 45084 |d 45084 | ||